000 01428nam a2200325 a 4500
001 37627
003 BD-RjUL
005 20211209052629.0
008 150204s2005 nyua b 001 0 eng
020 _a0789027291 (hard cover : alk. paper)
020 _a0789027305 (soft cover : alk. paper)
035 _a(BD-RjUL) 37731
040 _aDLC
_cDLC
_dDLC
_dBD-RjUL
_beng
041 _aeng
082 0 0 _a174.2
_222
_bETH 2005
245 0 0 _aEthical and legal issues for mental health professionals :
_ba comprehensive handbook of principles and standards /
_cSteven F. Bucky, Joanne E. Callan, George Stricker, editors.
260 _aBinghamton, NY :
_bHaworth Maltreatment&Trauma Press,
_c2005.
300 _axxiv, 433 p. :
_bill. ;
_c22 cm.
500 _a"Handbook of Principles and Standards has been co-published simultaneously as Journal of Aggression, Maltreatment & Trauma, Volume 11, Numbers 1/2 and 3 2005."
504 _aIncludes bibliographical references and index.
650 0 _aMental health personnel
_xProfessional ethics
_zUnited States.
_9115698
650 0 _aMental health personnel
_xLegal status, laws, etc.
_zUnited States.
_9115699
700 1 _aBucky, Steven F.
_9115700
700 1 _aCallan, Joanne E.
_9115701
700 1 _aStricker, George.
_9115702
730 0 _aJournal of aggression, maltreatment & trauma.
_9115703
942 _2ddc
_cBK
999 _c37627
_d37627